Problémy s interpretací vysokoškolského zákona v oblasti rozvoje distanční formy vzdělávání

Interpretácia vysokoškolského zákona v oblasti rozvoja dištančnej formy vzdelávania. Zákon č. 111/1998 Sb. o vysokých školách v ČR. Definovanie foriem štúdia.

Guardado en:
Detalles Bibliográficos
Autor principal: Dvořáková, Eva
Otros Autores: Zlámalová, Helena
Formato: Capítulo de libro
Lenguaje:checo
Materias:
Etiquetas: Agregar Etiqueta
Sin Etiquetas, Sea el primero en etiquetar este registro!

MARC

LEADER 00000naa a2200000 4500
001 r045300
005 20230919103823.3
041 0 |a cze 
044 |a CZ 
245 1 0 |a Problémy s interpretací vysokoškolského zákona v oblasti rozvoje distanční formy vzdělávání  |c Eva Dvořáková, Helena Zlámalová 
520 |a Interpretácia vysokoškolského zákona v oblasti rozvoja dištančnej formy vzdelávania. Zákon č. 111/1998 Sb. o vysokých školách v ČR. Definovanie foriem štúdia. 
610 2 0 |a vzdelávanie dištančné 
610 2 0 |a štúdium vysokoškolské 
610 2 0 |a zákony 
610 2 0 |a Česko 
610 2 0 |a školy vysoké 
100 1 |a Dvořáková, Eva 
700 1 |a Zlámalová, Helena